000 00720nam a22002177a 4500
005 20260114122419.0
010 _aENG-147453
020 _a9789361596223
_c935.00
035 _aEN-130985
037 _bDBAD
082 _a004.22
_25
100 _aMano, M. Morries
_986353
245 _aLogic And Computer Design Fundamentals/
_cM. Morries Mano; Charles Kime [and] Tom Martin
250 _a5
260 _aNoida
_bPearson India Education
_c2026
270 _a15th Floor, Towe-B, World Trade Tower, Plot No.1, Block-C, Sector-16
_bNoida
_e201301
300 _a672p.
_c23cm(pb)
700 _aKime, Charles
_eAuthor
_986354
700 _aMartin, Tom
_eAuthor
_986355
942 _2ddc
_cEN
_h004.22
_mMAN
999 _c214110
_d214110